000 00511nam a2200157Ia 4500
003 IQ-KOUCL
041 _aArabic
082 _a210,72 cut-989 ت
100 _a20260118u\\\\\\\\\\\y0engy0103\\\\ba
100 _aاحمد بن عبدالحيم عبدالسلام بن تيمه
245 0 _aاقضاء الصراط المستقيم لمخالفة اصحاب الجحيم
250 _aط1
260 _bجمعية احياء التراث الاسلامي
_aالكويت
_c2022
300 _a527
942 _cBk
999 _c186338
_d186338